The defence of Britain, (Record no. 551937)
[ view plain ]
| 000 -LEADER | |
|---|---|
| fixed length control field | 00379cam a22001211 4500 |
| 082 ## - DEWEY DECIMAL CLASSIFICATION NUMBER | |
| Classification number | 942.084 |
| Author Mark | HAR |
| -- | L-30, P-5 |
| 100 2# - MAIN ENTRY--PERSONAL NAME | |
| Personal name | Liddell Hart, Basil Henry, |
| 245 14 - TITLE STATEMENT | |
| Title | The defence of Britain, |
| Statement of responsibility, etc. | by Liddell Hart. |
| 260 ## - PUBLICATION, DISTRIBUTION, ETC. | |
| Place of publication, distribution, etc. | London, |
| Name of publisher, distributor, etc. | Faber and Faber limited |
| Date of publication, distribution, etc. | [1939] |
| 300 ## - PHYSICAL DESCRIPTION | |
| Extent | 3 p. l., 9-444 p. |
| Other physical details | diagrs. |
| Dimensions | 23 cm. |
| 526 ## - STUDY PROGRAM INFORMATION NOTE | |
| Program name | 0 |
| Interest level | 0 |
| Reading level | 0 |
| Title point value | 942_084000000000000_HAR |
| 942 ## - ADDED ENTRY ELEMENTS (KOHA) | |
| Source of classification or shelving scheme | |
| Koha item type | Book |
| Withdrawn status | Lost status | Source of classification or shelving scheme | Damaged status | Not for loan | Permanent Location | Current Location | Date acquired | Total Checkouts | Full call number | Barcode | Date last seen | Price effective from | Koha item type |
|---|---|---|---|---|---|---|---|---|---|---|---|---|---|
| Military College of Engineering (MCE) | Military College of Engineering (MCE) | 01/01/2015 | 942.084 HAR | MCE-40360 | 01/01/2015 | 01/01/2015 | Book |
